The Performance and Design of Direct Current Machines (Record no. 3712)

MARC details
000 -LEADER
fixed length control field 00432nam a22001697a 4500
005 - DATE AND TIME OF LATEST TRANSACTION
control field 20160623160353.0
008 - FIXED-LENGTH DATA ELEMENTS--GENERAL INFORMATION
fixed length control field 160623b xxu||||| |||| 00| 0 eng d
020 ## - INTERNATIONAL STANDARD BOOK NUMBER
ISBN 81-239-0927-6
041 ## - LANGUAGE CODE
Language code of text/sound track or separate title eng
082 ## - DEWEY DECIMAL CLASSIFICATION NUMBER
Item number 9405
100 ## - MAIN ENTRY--AUTHOR NAME
Personal name Clayton, AE and Hancock, NW
245 ## - TITLE STATEMENT
Title The Performance and Design of Direct Current Machines
260 ## - PUBLICATION, DISTRIBUTION, ETC. (IMPRINT)
Name of publisher CBS
Year of publication 2008
300 ## - PHYSICAL DESCRIPTION
Number of Pages 485
650 ## - SUBJECT ADDED ENTRY--TOPICAL TERM
Topical Term Diploma Engineering
942 ## - ADDED ENTRY ELEMENTS (KOHA)
Koha item type Books
Holdings
Lost status Damaged status Home library Current library Shelving location Date acquired Cost, normal purchase price Full call number Accession Number Koha item type Collection code
    JRU Library   SHELF-36-D 23/06/2016 275.00 9405 9405 Books  
    JRU Library JRU Library SHELF-45-K 23/06/2016 275.00 9405 9406 Books LIFE SKILL
    JRU Library   SHELF-36-D 23/06/2016 275.00 9405 9407 Books  
    JRU Library   SHELF-35-D 23/06/2016 275.00 9405 9408 Books  
    JRU Library   SHELF-36-D 23/06/2016 275.00 9405 9409 Books